Manly Sea Eagles History Quiz - Statistics

General Stats
  • This quiz has been taken 13 times
  • The average score is 8 of 15
Answer Stats
Question Answer % Correct
How many premierships have the Manly Sea Eagles won? 8
100%
What are the team colors of the Manly Sea Eagles? Maroon and White
100%
What is the home ground of the Manly Sea Eagles? 4 Pines Park
86%
Who is the current head coach of the Manly Sea Eagles? Anthony Seibold
86%
Which Manly player holds the record for the most points scored in a single season? Reuben Garrick
86%
Which Manly Sea Eagles player won the Clive Churchill Medal in the 2008 Grand Final? Brent Kite
71%
Which team did the Manly Sea Eagles defeat in the 2011 NRL Grand Final? New Zealand Warriors
71%
In which year did the Manly Sea Eagles win their first premiership? 1972
57%
In which year did Manly-Warringah Sea Eagles first win the minor premiership? 1971
43%
Who was the captain of the Manly Sea Eagles during their 2008 NRL Grand Final victory? Matt Orford
43%
Which player holds the record for the most tries scored for the Manly Sea Eagles? Brett Stewart
29%
What were the sponsors on the jersey for the 2011 Grand final? Kaspersky, AAA Radiators
29%
What was the result of Manly’s first ever match in the NSWRL premiership? Loss to Western Suburbs
29%
Ron Rowles hold the record for the most points in one game for the sea eagles. How many points did he score? 30
14%
Which player scored the first try for Manly in their inaugural premiership match in 1947? Keith ‘Megsy’ Kirkwood
0%
No matching quizzes found
Score Distribution
Percent of People with Each Score
Percentile by Number Answered
Your Score History
You have not taken this quiz